Дело по отношению Хозяйственного департамента о даровании преимуществ членам земских судов Яренского, Сольвычегодского и Усть-Сы...

RUSMARC
00005591cbc2a2200000#x 450
0019ab4bc00-845a-4c46-b64f-1725d0177e76
00520240620165356.0
100##$a20151106l18371837k l0rusy0189 ca
1010#$arus
102##$aRU
2001#$aДело по отношению Хозяйственного департамента о даровании преимуществ членам земских судов Яренского, Сольвычегодского и Усть-Сысольского уездов
$j11 мая - 1 июня 1837 г.
251##$cДело
300##$aРукописный текст. Чернила
801#0$aRU
$bРГИА
$c20151106
801#1$aRU
$bГлавНИВЦ
$c20151106
$2rusmarc
801#2$aRU
$bПБ им. Б.Н. Ельцина
$c20160627
$gRCR
$2rusmarc
850##$aФедеральное казенное учреждение "Российский государственный исторический архив"
852##$aРГИА
$j67
937##$hРГИА
$d12179328
$aASBIBLIO_SCAN
461#0$10013e300ed0-cd39-49af-8489-5ba5b90fa401
$12001
$aДепартамент полиции исполнительной МВД
$1251
$cФонд
$1852
$j1286
215##$a13 листов
$d36,5х26 см
371##$aДокумент не является опубликованным и широко распространяемым
105##$ay###
1222#$ad18370511##
$ad18370601##
462#0$1001cf8ff823-a729-4add-9722-5203028a801d
$12001
$a1835-1837 гг. Дела Департамента полиции исполнительной МВД за 1837 г.
$vД. 67
$1251
$cОпись
$1852
$j6
$l1837 г.
035##$a9ab4bc00-845a-4c46-b64f-1725d0177e76
607##$2nlr_sh
$3RU\NLR\AUTH\6601670778
$aЯренский уезд (Вологодская губерния)
$jАрхивные дела
$xИстория
607##$2nlr_sh
$3RU\NLR\AUTH\6601670780
$aУсть-Сысольский уезд (Вологодская губерния)
$jАрхивные дела
$xИстория
607##$2prlib_sh
$3LIBNET\UAF\0000112551
$aСольвычегодский уезд (Вологодская губерния)
$jАрхивные дела
$xИстория
6061#$2prlib_sh
$3LIBNET\UAF\0000097968
$aСудебная система
$jАрхивные дела
$yРоссия
$z1-я пол. 19 в.
605##$2acquisition_Prlib
$3LIBNET\UAF\0000019656
$aРеспублика Коми: страницы истории
$lколлекция
605##$2acquisition_Prlib
$3DITM\AF\0000002775
$aВласть
$lколлекция
686##$2rubbk
$a67.3(28-8Вол)5ю1
$vLBC/M
686##$2rubbk
$a63.3(28-8Вол)52-3ю1
$vLBC/M
Формат отображения